000 00475nam a2200181Ia 4500
005 20250508160842.0
008 008 250505s9999 xx 000 0 hin d
037 _aTextual
040 _aFEDL
_beng
_cFEDL
041 _ahin
_2hin
084 _aFH, MIT
_qFEDL
100 _aMitra Ushadevi
_9769551
245 0 _aSohini
260 _aDelhi, India
_bNational Publishing House
_c1965
300 _a186p.
942 _cTEXL
_hFH, MIT
999 _c1366997
_d1366997